000 00275nam a22001217a 4500
040 _c333
082 _a333 WIN 1993 C090
100 _aJ. T. WINPENNY
245 _aValues for the environment
260 _aPhnom Penh
_bWIN
_c1993
300 _a277p.
_bill.
_c29cm.
942 _cEK
999 _c11235
_d11235